000 00532nam a2200229Ia 4500
003 OSt
005 20220918225032.0
006 a|||||r|||| 00| 0
007 ta
008 220917b |||||||| |||| 00| 0 eng d
024 _a236,291
037 _cTextual
040 _aARTS
_cARTS
_beng
041 _2eng
_aeng
082 _aV654, K4
245 0 _aForward together in unity and faith
260 _c1964
300 _a36p.
_ccm.
650 _aHISTORY
942 _hV654, K4
_cTEXL
_2CC
999 _c283204
_d283204